| 000 | 02047nam a2200253 i 4500 | ||
|---|---|---|---|
| 003 | OSt | ||
| 008 | 220406s2022 enkao e 000 0 eng d | ||
| 020 |
_a9781782219903 _cRM81.50 _qpaperback |
||
| 040 |
_aPPAK _beng _cPPAK _erda |
||
| 082 | 0 | 4 |
_223 _a746.6 |
| 090 | 0 | 0 |
_a746.6 _bPAT _dG |
| 100 | 1 |
_aPatten, Abi, _eauthor |
|
| 245 | 1 | 0 |
_aMODERN TIE DYE : _bAn eco-friendly guide to colouring your clothes and accessories / _cAbi Patten |
| 264 | 1 |
_a[England] : _bSearch Press, Tunbridge Wells, _c2022 |
|
| 300 |
_a111 pages : _bcolour photographs ; _c28 cm. |
||
| 336 |
_atext _2rdacontent |
||
| 337 |
_aunmediated _2rdamedia |
||
| 338 |
_avolume _2rdacarrier |
||
| 505 |
_tIntroduction -- _tA short history of tie dye -- _tMaterials -- _tMordants -- _tTools + equipment -- _tDyes -- _tWashing + aftercare -- _tProjects -- _tTroubleshooting. |
||
| 520 | _a"Tie dye is something that most people can do, whatever their previous crafting experience and with little equipment needed. Inside, you'll master both basic and more advanced tie-dye styles project by project, using just hand-made dyes or eco-reactive dyes--from favorites such as bullseye, shibori, and kaleidoscope patterns to lesser-known must-haves like ice-dye and galaxy-effect designs. The beginning of the book includes a chapter on natural dyes and how to make them in your own kitchen, saving not just money but the environment too by avoiding the use of harsh chemicals. It will also discuss some eco-friendly alternatives for those who do not want to make their own dyes, as well as planet-friendly mordants that will ensure your dyed creations hold their color. Illustrated steps and clear instructions accompany all eleven projects and tie-dye techniques. Thrifted or upcycled garments and accessories are used to make all the projects, so you can see how once-loved or upcycled clothing easily turn intobeautiful, vibrant pieces that you'll love to wear"-- Provided by publisher | ||
| 650 | 1 | 0 | _aTie-dyeing. |
| 650 | 2 | 0 |
_aTie-dyeing _vEnvironmental aspects. |
| 942 |
_2ddc _cB |
||
| 999 |
_c190556 _d190556 |
||